000
00214nam a22000857a 4500
008
161228b xxu||||| |||| 00| 0 eng d
100
_9
2229
_a
Kipling.R
245
_a
The Jungle Book
260
_a
New Delhi
_b
Orient Log
_c
2008
999
_c
5117
_d
5117